00648nam a2200205Ia 450000500170000000800410001702000150005804000180007304100080009110000200009924500920011926000470021130000180025865000410027665000280031765000300034565000270037565000250040283000150042720140903173606.0130821s1979 xxu gr eng  a0520039440 aCo-BoUCMbspa00aeng1 aMorris, Herbert13aOn guilt and innocence essays in legal philosophy and moral psychologycHerbert Morris aWashingtonbIniversity of Californiac1979 a161 páginas04aDerechoxAspectos morales y éticos04aFilosofía del derecho04aPresunción de inocencia04aPresunciones (Derecho)04aTeoría del derecho aBB_J_DFILO